书目信息 |
| 题名: |
燃气-蒸汽联合循环发电设备及运行
|
|
| 作者: | 杨顺虎 编著 | |
| 分册: | ||
| 出版信息: | 北京 中国电力出版社 2003.10 |
|
| 页数: | 360页 | |
| 开本: | 26cm | |
| 丛书名: | ||
| 单 册: | ||
| 中图分类: | TM611.31 | |
| 科图分类: | ||
| 主题词: | 燃气--ran qi--蒸汽联合循环发电--发电设备--理论 , 燃气--ran qi--蒸汽联合循环发电--发电设备--运行 | |
| 电子资源: | ||
| ISBN: | 7-5083-1444-1 | |
| 000 | 00932nam0 2200241 450 | |
| 001 | 012007956359 | |
| 005 | 20070920170218.60 | |
| 010 | @a7-5083-1444-1@dCNY36.00 | |
| 100 | @a20070818d2003 km y0chiy0120 ea | |
| 101 | 0 | @achi |
| 102 | @aCN@b110000 | |
| 105 | @aa a 000yy | |
| 200 | 1 | @a燃气-蒸汽联合循环发电设备及运行@Aran qi-zheng qi lian he xun huan fa dian she bei ji yun xing@f杨顺虎编著@Fyang shun hu bian zhu |
| 210 | @a北京@c中国电力出版社@d2003.10 | |
| 215 | @a360页@c图@d26cm | |
| 320 | @a有书目 (第358-360页)。 | |
| 330 | @a本书主要讲述了大型燃气轮机和联合循环发电设备的工作原理和设备,联合循环机组的启停方式、正常运行维护、常见典型事故发生的原因、事故的预防及试验等。 | |
| 606 | 0 | @a燃气@Aran qi@x蒸汽联合循环发电@x发电设备@x理论 |
| 606 | 0 | @a燃气@Aran qi@x蒸汽联合循环发电@x发电设备@x运行 |
| 690 | @aTM611.31@v4 | |
| 701 | 0 | @a杨顺虎@Ayang shun hu@4编著 |
| 801 | 0 | @aCN@c20070920 |
| 905 | @dTM611.31@eY272 | |
| 燃气-蒸汽联合循环发电设备及运行/杨顺虎编著.-北京:中国电力出版社,2003.10 |
| 360页:图;26cm |
| ISBN 7-5083-1444-1:CNY36.00 |
| 本书主要讲述了大型燃气轮机和联合循环发电设备的工作原理和设备,联合循环机组的启停方式、正常运行维护、常见典型事故发生的原因、事故的预防及试验等。 |
| ● |
| 相关链接 |
|
|
|
正题名:燃气-蒸汽联合循环发电设备及运行
索取号:TM611.31/Y272
 
预约/预借
| 序号 | 登录号 | 条形码 | 馆藏地/架位号 | 状态 | 备注 |
| 1 | 260481 | 202604814 | 期刊室512/301自科库 10排2列2层/ [索取号:TM611.31/Y272] | 在馆 | |
| 2 | 260482 | 202604823 | 自科库301/301自科库 14排3列1层/ [索取号:TM611.31/Y272] | 在馆 | |
| 3 | 260483 | 202604832 | 自科库301/301自科库 10排2列2层/ [索取号:TM611.31/Y272] | 在馆 |